World Capitals starting with M - Statistics

General Stats
  • This quiz has been taken 56 times
  • The average score is 14 of 19
Answer Stats
Capital % Correct
Madrid
89%
Maputo
89%
Moscow
84%
Manila
82%
Mexico City
82%
Manama
76%
Malé
74%
Monaco
74%
Malabo
68%
Managua
68%
Maseru
68%
Montevideo
68%
Moroni
68%
Mogadishu
66%
Monrovia
66%
Minsk
63%
Majuro
61%
Muscat
61%
Mbabane
55%
No matching quizzes found
Score Distribution
Percent of People with Each Score
Percentile by Number Answered
Your Score History
You have not taken this quiz